banner-ar

Fields virology / (Record no. 60756)

MARC details
000 -الفاتح
حقل البيانات ثابتة الطول 00949cam a22002778a 4500
005 - وقت وتاريخ اخر تعامل مع التسجيلة
رقم الضبط 20240530110426.0
008 - عناصر البيانات ثابتة الطول - معلومات عامة
حقل البيانات ثابتة الطول 130130s2013 pau f b 001 0 eng
020 ## - الرقم الدولى المعيارى للكتب
الرقم الدولى المعيارى للكتاب 9781451105636 (alk. paper)
020 ## - الرقم الدولى المعيارى للكتب
الرقم الدولى المعيارى للكتاب 1451105630
035 ## - رقم ضبط النظام
رقم ضبط النظام (DNLM)101601028
040 ## - مصدر الفهرسة
وكالة الفهرسة الأصلية EG-CaGPL
وكالة النسخ EG-CaGPL
042 ## -
-- pcc
082 04 - رقم تصنيف ديوى العشرى
رقم الطبعة 21
رقم التصنيف 616.0194\
رقم المادة K F
245 00 - بيان العنوان
العنوان Fields virology /
بيان المسئوليه,etc editors-in-chief, David M. Knipe, Peter M. Howley.
250 ## - بيان الطبعة
بيان الطبعة 6th ed.
260 ## - PUBLICATION, DISTRIBUTION, ETC. (IMPRINT)
تاريخ النشر أو التوزيع c2013.
300 ## - الوصف المادى
التعداد 2 volumes :
تفاصيل ماديه اخرى للوعاء some color illustrations ;
أبعاد الوعاء 29 cm.
504 ## - تبصرة ببليوجرافية
تبصرة ببليوجرافية,الخ Includes bibliographical references and index.
650 12 - المدخل الاضافى بالموضوع-مصطلح موضوعى
مصطلح موضوعي Viruses.
650 22 - المدخل الاضافى بالموضوع-مصطلح موضوعى
مصطلح موضوعي Virus Diseases.
700 1# - المدخل الاضافى - اسم شخصى
الإسم الشخصى Knipe, David M.
الشكل الأكمل للاسم (David Mahan),
التواريخ المصاحبة للاسم 1950-
700 1# - المدخل الاضافى - اسم شخصى
الإسم الشخصى Howley, Peter M.
942 ## - عناصر المدخل الإضافي( كوها)
مصدر التصنيف او مخطط الترفيف Dewey Decimal Classification
Koha [default] item type كتاب
260 ## - PUBLICATION, DISTRIBUTION, ETC. (IMPRINT)
-- Philadelphia, PA :
-- Wolters Kluwer/Lippincott Williams & Wilkins Health,
856 42 - الوصول و الموقع الالكترونى
مواد محددة Publisher description
معرف المصدر الموحد http://www.loc.gov/catdir/enhancements/fy1306/2013003842-d.html
Holdings
حالة التراجع حالة الفقد مصدر التصنيف او خطة الترفيف حالة تلف ليس للاعارة المكان المؤقت الموقع الحالى تاريخ الاكتساب اجمالي اﻻعارات رقم الطلب الباركود تاريخ اخر مشاهدة تاريخ تفعيل السعر نوع وعاء كوها
    ddc     مكتبة القاهرة الكبرى مكتبة القاهرة الكبرى 03/24/2015   616.0194\ K F 159869 03/24/2015 03/24/2015 كتاب
    ddc     مكتبة القاهرة الكبرى مكتبة القاهرة الكبرى 03/24/2015   616.0194\ K F 159870 03/24/2015 03/24/2015 كتاب

Powered By

EGPV